000 00721nam a2200241Ia 4500
003 OSt
005 20220927105026.0
006 a|||||r|||| 00| 0
007 ta
008 220926b |||||||| |||| 00| 0 eng d
024 _a187280
037 _cReference Collections
040 _aRTL
_cRTL
_beng
041 _2eng
_aeng
082 _a"X9:6.2.N60<-N44r, K0"
110 _aINDUSTRIAL INVESTMENT TRUST LIMITED
_9369584
245 0 _a"Annual report ,1944"
260 _aBombay
_bIndustrial Trust Ltd.
_c1944
300 _a16p
_ccm.
700 _aINDUSTRIAL INVESTMENT TRUST LIMITED
_9369585
942 _h"X9:6.2.N60<-N44r, K0"
_cCC
999 _c690303
_d690303